000 00382nam a2200157Ia 4500
003 LDD
008 181029s9999 xx 000 0 und d
020 _a81705009281
040 _cLDD
100 _aHaksar, P.N.
245 0 _aStudies in Indo-Soviet relations
_cP.N. Haksar
260 _aNew Delhi
_bPatriot
_c1986
300 _a288p
901 _a1306
_b12-03-1998
942 _2ddc
_cBK
999 _c20493
_d20493